Sports Quiz

Random Sports or Basketball Quiz

B1G Basketball Courts Quiz Stats

Quiz not verified by Sporcle

Challenge
Share
Tweet
http://upload.wikimedia.org/wikipedia/commons/thumb/d/d3/Big_Ten_Conference_logo_%282012%29.svg/444px-Big_Ten_Conference_logo_%282012%29.svg.png
Score 0/12 Timer 03:00
0 Plays Today
Team Stadium % Correct
Illinois Fighting IlliniAssembly Hall
77.6%
Indiana HoosiersAssembly Hall
77.6%
Ohio State BuckeyesValue City Arena
73.7%
Michigan State SpartansBreslin Student Events Center
72.4%
Minnesota Golden GophersWilliams Arena
67.1%
Michigan WolverinesCrisler Center
65.8%
Purdue BoilermakersMackey Arena
63.2%
Wisconsin BadgersKohl Center
53.9%
Iowa HawkeyesCarver-Hawkeye Arena
44.7%
Northwestern WildcatsWelsh-Ryan Arena
36.8%
Penn State Nittany LionsBryce Jordan Center
32.9%
Nebraska CornhuskersBob Devaney Sports Center
25%

You're not logged in!

Compare scores with friends on all Sporcle quizzes.
Sign Up with Email
OR
Log In

You Might Also Like...

Show Comments

Extras

Top Quizzes Today


Score Distribution

Your Account Isn't Verified!

In order to create a playlist on Sporcle, you need to verify the email address you used during registration. Go to your Sporcle Settings to finish the process.